000 00545nam a22001337a 4500
020 _a0-7106-0867-5
082 _a355-WA JAN'T
100 _aTAYLOR, JOHN W. R,MUNSON, KENNETH
_974645
245 _aJANES ALL THE WORLDS AIRCRAFTS 1964-65, 1977-78, 1981-82, 1965-66, 1981-82, 1988-89
260 _aUK
_bJANE'S INFORMATION GROUP
_c1988
300 _a790P
650 _aAIRCRAFT ALL OVER THE WORLD SPORT AIRCRAFT ALL OVER THE WORLD SAILPLANES ALL OVER THE WORLD HANG GLIDERS ALL OVER THE WORLD LIGHT THAN AIR ALL OVER THE WORLD
_974646
942 _cBK
999 _c580157
_d580157